000 00361nam a2200157Ia 4500
001 9877
003 GE_BSU
008 181216s||||||||xx |||||||||||||| ||und||
040 _cGE_BSU
245 4 _aThe Economist, may 10th-16TH 2014. volume 411 number 8886
260 _aLondon
260 _c2014
300 _a82p.27cm.
653 _aThe Economist
942 _cCR
999 _c43156
_d43156